书目信息 |
| 题名: |
化工装置节能技术与实例分析
|
|
| 作者: | 徐跃华 主编 | |
| 分册: | ||
| 出版信息: | 北京 中国石化出版社 2009.05 |
|
| 页数: | 375页 | |
| 开本: | 26cm | |
| 丛书名: | 石油石化节能技术丛书 | |
| 单 册: | ||
| 中图分类: | TE9 | |
| 科图分类: | ||
| 主题词: | 石油化工--shi you hua gong--化工设备--节能--技术 | |
| 电子资源: | ||
| ISBN: | 978-7-80229-880-4 | |
| 000 | 01082nam 2200265 450 | |
| 001 | 012010096215 | |
| 005 | 20100428192900.06 | |
| 010 | @a978-7-80229-880-4@dCNY68.00 | |
| 100 | @a20100428d2009 em y0chiy0120 ea | |
| 101 | 0 | @achi |
| 102 | @aCN@b110000 | |
| 105 | @aa a 000yy | |
| 106 | @ar | |
| 200 | 1 | @a化工装置节能技术与实例分析@Ahua gong zhuang zhi jie neng ji shu yu shi li fen xi@f徐跃华主编@Fxu yue hua zhu bian |
| 210 | @a北京@c中国石化出版社@d2009.05 | |
| 215 | @a375页@c图@d26cm | |
| 225 | 2 | @a石油石化节能技术丛书@Ashi you shi hua jie neng ji shu cong shu |
| 320 | @a有书目 (第373-375页) | |
| 330 | @a本书对石油化工的能源状况和耗能形势进行了介绍及分析;尤其对乙烯、芳烃、合成树脂、合成橡胶、合成纤维、化肥等化工装置的能耗构成进行了分析和优化;以案例的形式对化工装置及其设备、公用工程等的节能技术与改进措施进行了实用分析。 | |
| 410 | 0 | @12001 @a石油石化节能技术丛书 |
| 606 | 0 | @a石油化工@Ashi you hua gong@x化工设备@x节能@x技术 |
| 690 | @aTE9@v4 | |
| 701 | 0 | @a徐跃华@Axu yue hua@4主编 |
| 801 | 0 | @aCN@bQSSK@c20100428 |
| 905 | @b779410-12@dTE9@eX832@f3 | |
| 化工装置节能技术与实例分析/徐跃华主编.-北京:中国石化出版社,2009.05 |
| 375页:图;26cm.-(石油石化节能技术丛书) |
| ISBN 978-7-80229-880-4:CNY68.00 |
| 本书对石油化工的能源状况和耗能形势进行了介绍及分析;尤其对乙烯、芳烃、合成树脂、合成橡胶、合成纤维、化肥等化工装置的能耗构成进行了分析和优化;以案例的形式对化工装置及其设备、公用工程等的节能技术与改进措施进行了实用分析。 |
| ● |
| 相关链接 |
|
|
|
正题名:化工装置节能技术与实例分析
索取号:TE9/X832
 
预约/预借
| 序号 | 登录号 | 条形码 | 馆藏地/架位号 | 状态 | 备注 |
| 1 | 779410 | 207794109 | 自科库501/501自科库 23排1列3层/ [索取号:TE9/X832] | 在馆 | |
| 2 | 779411 | 207794118 | 自科库501/501自科库 23排1列3层/ [索取号:TE9/X832] | 在馆 | |
| 3 | 779412 | 207794127 | 自科库501/501自科库 23排1列3层/ [索取号:TE9/X832] | 在馆 |